[Event "Madrid-ch Previa B"]
[Site "Madrid ESP"]
[Date "2016.02.05"]
[Round "2.13"]
[White "Garcia Pardo, Maria del Carmen"]
[Black "Leniz Martinez, Francisco"]
[Result "0-1"]
[WhiteElo "1429"]
[BlackElo "1690"]
[PlyCount "78"]
[EventDate "2016.02.04"]
[EventType "swiss"]
[EventRounds "9"]
[EventCountry "ESP"]
[Source "lmi"]
[SourceDate "2016.02.04"]

1. e4 c5 2. Nf3 e6 3. d4 cxd4 4. Nxd4 a6 5. Bd3 Bc5 6. Nb3 Be7 7. O-O Nc6 8. c4
Nf6 9. Nc3 Qc7 10. Qe2 d6 11. f4 O-O 12. Kh1 Bd7 13. Bd2 Rac8 14. Rae1 Nb4 15.
Nd4 Nxd3 16. Qxd3 Qxc4 17. Qxc4 Rxc4 18. Nf3 Rc7 19. Be3 Bc6 20. Bb6 Rcc8 21.
Rf2 Nd7 22. Bd4 Nc5 23. Rd2 b5 24. b4 Nd7 25. a3 Rfe8 26. Ree2 Ba8 27. Rc2 Rc4
28. Kg1 Rec8 29. Kf1 Nf6 30. Bxf6 Bxf6 31. e5 dxe5 32. fxe5 Bd8 33. Re3 Bb6 34.
Rd3 Be4 35. Nxe4 Rxc2 36. Nd6 Rf2+ 37. Ke1 Rc1+ 38. Rd1 Rxd1+ 39. Kxd1 Be3 0-1

[Event "Madrid-ch Previa B"]
[Site "Madrid ESP"]
[Date "2016.02.05"]
[Round "2.14"]
[White "Barragan Panal, Juan Jose"]
[Black "Alvear Zapata, Juan Pablo"]
[Result "1-0"]
[WhiteElo "1681"]
[BlackElo "1447"]
[PlyCount "59"]
[EventDate "2016.02.04"]
[EventType "swiss"]
[EventRounds "9"]
[EventCountry "ESP"]
[Source "lmi"]
[SourceDate "2016.02.04"]

1. Nf3 f5 2. g3 Nf6 3. Bg2 g6 4. c4 Bg7 5. Nc3 d6 6. d4 O-O 7. O-O c6 8. e3 Qe8
9. Qb3 Nbd7 10. Re1 e5 11. c5+ d5 12. e4 fxe4 13. Nxe4 Kh8 14. Nd6 Qe6 15. Ng5
Qg4 16. Be3 exd4 17. Bf3 Nxc5 18. Qc2 Qd7 19. Bxd4 Nce4 20. Bxe4 Nxe4 21. Bxg7+
Qxg7 22. Ngxe4 dxe4 23. Nxc8 Raxc8 24. Rxe4 Rcd8 25. Rae1 Rd7 26. Qc5 Rdf7 27.
Re7 Qf6 28. Rxf7 Qxf7 29. Re7 Qxa2 30. Qe5+ 1-0

[Event "Madrid-ch Previa B"]
[Site "Madrid ESP"]
[Date "2016.02.05"]
[Round "2.15"]
[White "Ochoa Gonzalez, Hugo"]
[Black "Raya Rodriguez, Juan"]
[Result "0-1"]
[WhiteElo "1346"]
[BlackElo "1652"]
[PlyCount "132"]
[EventDate "2016.02.04"]
[EventType "swiss"]
[EventRounds "9"]
[EventCountry "ESP"]
[Source "lmi"]
[SourceDate "2016.02.04"]

1. e4 e5 2. Nf3 Nc6 3. Bb5 a6 4. Ba4 Nf6 5. O-O b5 6. Bb3 Be7 7. Re1 O-O 8. a4
Bb7 9. c3 Re8 10. d4 exd4 11. e5 Ng4 12. Nxd4 Ngxe5 13. Nxc6 Nxc6 14. Qh5 g6
15. Qd5 Bh4 16. Rf1 Qf6 17. g3 Na5 18. Qxf7+ Qxf7 19. Bxf7+ Kxf7 20. gxh4 Nb3
21. Ra2 Nxc1 22. Rxc1 Bd5 23. Ra3 Re2 24. axb5 axb5 25. Rxa8 Bxa8 26. b4 Be4
27. Rd1 Bxb1 28. Rxb1 Rc2 29. Rd1 Rxc3 30. Rxd7+ Kg8 31. h5 Rc4 32. hxg6 hxg6
33. Kf1 c6 34. Rd6 Kf7 35. Ke2 g5 36. Kd2 Ke7 37. Rg6 g4 38. Ke3 Kd7 39. Rg7+
Kc8 40. Rg8+ Kc7 41. Rg7+ Kb6 42. f4 gxf3 43. Kxf3 Rxb4 44. Rh7 Rd4 45. h4 Rd8
46. h5 b4 47. Re7 c5 48. h6 b3 49. h7 b2 50. Re1 c4 51. Rg1 Rh8 52. Rg8 b1=Q
53. Rxh8 Qd3+ 54. Kg2 Qe4+ 55. Kf1 Qf5+ 56. Kg2 Qg6+ 57. Kh2 Qh6+ 58. Kg1 Qg7+
59. Kf2 Qxh8 60. Ke2 Qxh7 61. Kd2 Qd3+ 62. Kc1 Qe2 63. Kb1 Kb5 64. Ka1 Kb4 65.
Kb1 Kb3 66. Ka1 Qa2# 0-1

[Event "Madrid-ch Previa B"]
[Site "Madrid ESP"]
[Date "2016.02.06"]
[Round "3.1"]
[White "Morera Rodriguez, Ignacio"]
[Black "Ocaña Lameiro, Oliver"]
[Result "0-1"]
[WhiteElo "1895"]
[BlackElo "1932"]
[PlyCount "74"]
[EventDate "2016.02.04"]
[EventType "swiss"]
[EventRounds "9"]
[EventCountry "ESP"]
[Source "lmi"]
[SourceDate "2016.02.04"]

1. d4 Nf6 2. c4 e6 3. Nf3 d5 4. g3 b6 5. Bg2 Bb7 6. O-O Be7 7. b3 O-O 8. Bb2
Nbd7 9. e3 dxc4 10. bxc4 c5 11. Nc3 cxd4 12. exd4 Qc7 13. d5 Qxc4 14. d6 Bd8
15. Nd2 Qa6 16. Nde4 Nc5 17. Qd4 Nd3 18. Nxf6+ Bxf6 19. Bxb7 Bxd4 20. Bxa6 Nxb2
21. Nb5 Bf6 22. Rab1 Na4 23. d7 Nc5 24. Bc8 a6 25. Na3 b5 26. Rfd1 Na4 27. Rbc1
Nb6 28. Bb7 Rab8 29. Bc6 Bb2 30. Nc2 Bxc1 31. Rxc1 Rfd8 32. Rd1 Nxd7 33. Rxd7
Rxd7 34. Bxd7 Rd8 35. Bc6 Rd2 36. Nb4 a5 37. Na6 b4 0-1

[Event "Madrid-ch Previa B"]
[Site "Madrid ESP"]
[Date "2016.02.06"]
[Round "3.2"]
[White "Molina Garcia, Francisco J"]
[Black "Garcia Serrano, Jose M"]
[Result "1-0"]
[WhiteElo "1876"]
[BlackElo "1917"]
[PlyCount "39"]
[EventDate "2016.02.04"]
[EventType "swiss"]
[EventRounds "9"]
[EventCountry "ESP"]
[Source "lmi"]
[SourceDate "2016.02.04"]

1. e4 e5 2. Bc4 Nf6 3. d3 Nc6 4. Nc3 Bc5 5. Bg5 h6 6. Bh4 g5 7. Bg3 d6 8. Nge2
Bg4 9. h4 Nh5 10. Qd2 Nf4 11. O-O-O Nxg2 12. hxg5 Nd4 13. Rxh6 Rxh6 14. gxh6
Nf3 15. h7 Qf6 16. Rh1 Ngh4 17. Nd5 Qg7 18. Bxh4 Nxd2 19. Bf6 Qxf6 20. Nxf6+
1-0

[Event "Madrid-ch Previa B"]
[Site "Madrid ESP"]
[Date "2016.02.06"]
[Round "3.3"]
[White "Yeves Miquel, Enrique"]
[Black "Perea Blanco, David"]
[Result "1-0"]
[WhiteElo "1836"]
[BlackElo "1884"]
[PlyCount "69"]
[EventDate "2016.02.04"]
[EventType "swiss"]
[EventRounds "9"]
[EventCountry "ESP"]
[Source "lmi"]
[SourceDate "2016.02.04"]

1. d4 Nf6 2. c4 e6 3. Nc3 d5 4. cxd5 exd5 5. Bg5 Be7 6. e3 O-O 7. Bd3 Re8 8.
Qc2 h6 9. Bh4 b6 10. Bb5 c6 11. Bd3 Ba6 12. Bxa6 Nxa6 13. a3 c5 14. Nge2 Rc8
15. O-O c4 16. Qa4 Nc7 17. Qxa7 Ra8 18. Qxb6 Rb8 19. Qa5 Rxb2 20. Rab1 Rxb1 21.
Rxb1 Ne6 22. Qxd8 Rxd8 23. a4 g5 24. Bg3 Bd6 25. Bxd6 Rxd6 26. Nb5 Ra6 27. Nec3
Kf8 28. f3 Nd8 29. h3 Ke7 30. e4 dxe4 31. fxe4 Nc6 32. Rc1 Kd7 33. Rf1 Ke7 34.
d5 Ne5 35. d6+ 1-0

[Event "Madrid-ch Previa B"]
[Site "Madrid ESP"]
[Date "2016.02.06"]
[Round "3.4"]
[White "Sotoca Aguado, Jose"]
[Black "Tronch Ilzarbe, Carlos Maria"]
[Result "1-0"]
[WhiteElo "1928"]
[BlackElo "1744"]
[PlyCount "117"]
[EventDate "2016.02.04"]
[EventType "swiss"]
[EventRounds "9"]
[EventCountry "ESP"]
[Source "lmi"]
[SourceDate "2016.02.04"]

1. d4 Nf6 2. Nf3 e6 3. Bg5 Be7 4. e3 b6 5. Bd3 Bb7 6. O-O O-O 7. Nbd2 d5 8. Re1
Ne4 9. Bxe7 Qxe7 10. c3 Nd7 11. Ne5 Nxe5 12. dxe5 f5 13. f3 Nc5 14. Bf1 f4 15.
Nb3 fxe3 16. Rxe3 Qg5 17. Qe1 Nxb3 18. axb3 a5 19. Ra4 h5 20. h4 Qg6 21. Bd3
Qh6 22. Re2 Rf4 23. Qg3 Raf8 24. Rxf4 Rxf4 25. Qg6 Qxg6 26. Bxg6 Kf8 27. Bxh5
Rxh4 28. Bg4 Ke7 29. g3 Rh8 30. f4 c5 31. Bf3 Ba8 32. Kf2 Rd8 33. Rd2 Rf8 34.
Kg1 Rh8 35. Rh2 Rxh2 36. Kxh2 Kd7 37. Kg2 Bc6 38. Kf2 Bb5 39. Ke3 Bf1 40. g4
Bh3 41. Bd1 Bg2 42. f5 Be4 43. Kf4 Ke7 44. Be2 Bc2 45. Kg5 Bxb3 46. Bd3 Bd1 47.
f6+ gxf6+ 48. exf6+ Kf8 49. Kf4 Kf7 50. g5 c4 51. Bb1 Be2 52. Bc2 Bd3 53. Bd1
Bg6 54. Ke5 b5 55. Bg4 b4 56. Bxe6+ Kf8 57. Bxd5 Bd3 58. Kd4 bxc3 59. Kxc3 1-0

[Event "Madrid-ch Previa B"]
[Site "Madrid ESP"]
[Date "2016.02.06"]
[Round "3.5"]
[White "Tapia Sanchez, Jose Manuel"]
[Black "Camarero Izquierdo, Juan Carlos"]
[Result "0-1"]
[WhiteElo "1699"]
[BlackElo "1833"]
[PlyCount "158"]
[EventDate "2016.02.04"]
[EventType "swiss"]
[EventRounds "9"]
[EventCountry "ESP"]
[Source "lmi"]
[SourceDate "2016.02.04"]

1. e4 c5 2. Nf3 d6 3. d4 cxd4 4. Nxd4 Nf6 5. f3 e6 6. c4 Be7 7. Be2 O-O 8. Nc3
Bd7 9. Be3 Nc6 10. Qd2 a6 11. g4 Nxd4 12. Qxd4 Bc6 13. h4 Nd7 14. O-O-O b5 15.
a3 bxc4 16. Bxc4 Qa5 17. Bg5 Bxg5+ 18. hxg5 Qxg5+ 19. Kb1 Ne5 20. Be2 Rfd8 21.
Rh3 Qf6 22. Qe3 Bb5 23. g5 Qg6 24. Nxb5 axb5 25. Bxb5 d5 26. Ka2 dxe4 27. Rxd8+
Rxd8 28. fxe4 f6 29. gxf6 Qxf6 30. a4 h6 31. a5 Rb8 32. Qe2 Ng6 33. Rb3 Qd8 34.
Ra3 Nf4 35. Qc4 Qg5 36. Rb3 Kh8 37. a6 Qg1 38. Qc7 Rf8 39. a7 Qe1 40. Ba6 Qxe4
41. Bb7 Nd5 42. Qa5 Kh7 43. a8=Q Rxa8 44. Bxa8 h5 45. Qa3 h4 46. Bxd5 Qxd5 47.
Qb4 g5 48. Qb7+ Qxb7 49. Rxb7+ Kg6 50. b4 h3 51. Rc7 h2 52. Rc1 g4 53. b5 g3
54. b6 g2 55. b7 g1=Q 56. Rxg1+ hxg1=Q 57. b8=Q Qf2+ 58. Kb3 Qe3+ 59. Kc2 e5
60. Qg8+ Kf5 61. Qh7+ Kf4 62. Qh4+ Kf3 63. Qh1+ Kf2 64. Qh2+ Kf1 65. Qh1+ Kf2
66. Qh2+ Kf3 67. Qh1+ Kg4 68. Qg2+ Qg3 69. Qe4+ Kh3 70. Qh1+ Kg4 71. Qe4+ Qf4
72. Qg2+ Kf5 73. Qh3+ Ke4 74. Qh7+ Qf5 75. Qxf5+ Kxf5 76. Kd3 Kf4 77. Ke2 Ke4
78. Ke1 Ke3 79. Kd1 Kf2 0-1

[Event "Madrid-ch Previa B"]
[Site "Madrid ESP"]
[Date "2016.02.06"]
[Round "3.6"]
[White "Serrano Garcia, Vicente"]
[Black "Leniz Martinez, Francisco"]
[Result "1-0"]
[WhiteElo "1826"]
[BlackElo "1690"]
[PlyCount "67"]
[EventDate "2016.02.04"]
[EventType "swiss"]
[EventRounds "9"]
[EventCountry "ESP"]
[Source "lmi"]
[SourceDate "2016.02.04"]

1. d4 Nf6 2. Nf3 c6 3. c4 d5 4. Nc3 e6 5. Bg5 Be7 6. e3 O-O 7. cxd5 exd5 8. Bd3
Bg4 9. h3 Bh5 10. g4 Bg6 11. Bxg6 hxg6 12. Ne5 Nbd7 13. f4 Re8 14. Qd3 Nf8 15.
O-O-O b5 16. Nxc6 Qb6 17. Nxe7+ Rxe7 18. Kb1 Qb7 19. f5 Rd7 20. Bxf6 gxf6 21.
e4 dxe4 22. Nxe4 Qb6 23. Nc5 Rd6 24. Qf3 Rb8 25. Rhe1 Qc6 26. Ne4 Rbd8 27. d5
Qb6 28. Nxd6 Qxd6 29. Qe3 Rd7 30. Qh6 Re7 31. Rxe7 Qxe7 32. Qd2 Qd6 33. Qc3 Kg7
34. Qc6 1-0

[Event "Madrid-ch Previa B"]
[Site "Madrid ESP"]
[Date "2016.02.06"]
[Round "3.7"]
[White "San Vicente Cosculluela, Jose Luis"]
[Black "Barragan Panal, Juan Jose"]
[Result "1-0"]
[WhiteElo "1812"]
[BlackElo "1681"]
[PlyCount "77"]
[EventDate "2016.02.04"]
[EventType "swiss"]
[EventRounds "9"]
[EventCountry "ESP"]
[Source "lmi"]
[SourceDate "2016.02.04"]

1. e4 c6 2. Ne2 d5 3. e5 Bf5 4. Ng3 Bd7 5. d4 e6 6. c3 c5 7. dxc5 Bxc5 8. b4
Bf8 9. Bd3 a5 10. b5 a4 11. O-O Qb6 12. Na3 Qc7 13. Qe1 Ne7 14. Nc2 Ng6 15. f4
Bc5+ 16. Kh1 O-O 17. Nd4 Qb6 18. f5 exf5 19. Ndxf5 Be6 20. Nh5 Nd7 21. Nfxg7
Ndxe5 22. Bf5 Bxf5 23. Nxf5 Nd3 24. Qd2 Nge5 25. Nf6+ Qxf6 26. Nh6+ Kg7 27.
Rxf6 Kxf6 28. h3 Ke6 29. Qg5 f5 30. Be3 Rf6 31. Bxc5 Nxc5 32. Qe3 Ncd7 33. Qg5
Rc8 34. Rf1 Rxc3 35. Ng8 Rf7 36. Rxf5 Kd6 37. Rxf7 Nxf7 38. Qe7+ Kc7 39. Qxf7
1-0

[Event "Madrid-ch Previa B"]
[Site "Madrid ESP"]
[Date "2016.02.06"]
[Round "3.9"]
[White "Raya Rodriguez, Juan"]
[Black "Cuellar Gutierrez, Raul"]
[Result "0-1"]
[WhiteElo "1652"]
[BlackElo "1797"]
[PlyCount "102"]
[EventDate "2016.02.04"]
[EventType "swiss"]
[EventRounds "9"]
[EventCountry "ESP"]
[Source "lmi"]
[SourceDate "2016.02.04"]

1. d4 Nf6 2. Nf3 g6 3. Bf4 Bg7 4. h3 O-O 5. e3 d6 6. Be2 Nbd7 7. O-O b6 8. Nbd2
Bb7 9. c3 c5 10. Re1 Nh5 11. Bh2 e5 12. Nc4 Qe7 13. dxe5 dxe5 14. Qd6 Rfe8 15.
Rad1 e4 16. Qxd7 exf3 17. Qxe7 Rxe7 18. Bxf3 Bxf3 19. gxf3 b5 20. Na5 Re6 21.
Nb7 c4 22. Rd2 b4 23. Red1 bxc3 24. Rd8+ Re8 25. Rxe8+ Rxe8 26. bxc3 Bxc3 27.
Rc1 Bb2 28. Rxc4 Re7 29. Rb4 Bc3 30. Rb3 Ba1 31. a4 Nf6 32. a5 Nd5 33. a6 Be5
34. Bxe5 Rxe5 35. Rb5 Rg5+ 36. Kh2 h6 37. e4 Nc7 38. Rxg5 hxg5 39. Nc5 Kf8 40.
Kg3 Ke7 41. e5 Nd5 42. Ne4 Nc7 43. Nc5 Nd5 44. Kg4 Kd8 45. e6 f6 46. h4 gxh4
47. Kxh4 Ke7 48. Kg4 Nc7 49. Kf4 Kd6 50. Nd7 Nxe6+ 51. Ke4 Kxd7 0-1

[Event "Madrid-ch Previa B"]
[Site "Madrid ESP"]
[Date "2016.02.06"]
[Round "3.11"]
[White "Barragan Arriaza, Pablo"]
[Black "Canseco Arenas, Alfonso"]
[Result "1/2-1/2"]
[WhiteElo "1616"]
[BlackElo "1697"]
[PlyCount "180"]
[EventDate "2016.02.04"]
[EventType "swiss"]
[EventRounds "9"]
[EventCountry "ESP"]
[Source "lmi"]
[SourceDate "2016.02.04"]

1. c4 Nf6 2. g3 c5 3. Bg2 Nc6 4. d3 g6 5. Nc3 Bg7 6. Nf3 O-O 7. O-O d6 8. Rb1
Rb8 9. Bd2 a6 10. a3 Bd7 11. b4 cxb4 12. axb4 Na7 13. Ra1 Nc8 14. Qc2 Ne8 15.
Ra3 Nc7 16. Rc1 Ne6 17. Nd5 Nb6 18. Nxb6 Qxb6 19. Bc3 Rfc8 20. Bxg7 Kxg7 21.
Qb2+ f6 22. Rb1 Be8 23. Bh3 Bf7 24. Bxe6 Bxe6 25. Kg2 h6 26. b5 axb5 27. Qxb5
Qxb5 28. Rxb5 Bd7 29. Rb6 Bc6 30. e4 e5 31. Ne1 f5 32. f3 fxe4 33. fxe4 Rf8 34.
Ra2 Rf7 35. Rbb2 Rbf8 36. Rf2 Rxf2+ 37. Rxf2 Ra8 38. Kf3 Ra1 39. Nc2 Rb1 40.
Ne3 Rb3 41. Rd2 h5 42. h4 Kf6 43. Ke2 Rb1 44. Rd1 Rb3 45. Rd2 Ke6 46. Nd1 Ra3
47. Rb2 Kf6 48. Kd2 Ra1 49. Ke2 Bd7 50. Nf2 Bc6 51. Kf3 Rc1 52. Ra2 Rb1 53. Ra8
Rb3 54. Rd8 Ke7 55. Rb8 Bd7 56. Ra8 Be6 57. Ke2 Rb2+ 58. Kf3 Rb1 59. Ra7 Bc8
60. Ra8 Kd7 61. Ra5 Kc7 62. Ra3 Rb6 63. Rc3 Kc6 64. Ke3 Kc5 65. Ra3 Ra6 66. Rb3
Ra1 67. Rb5+ Kc6 68. Rb3 b6 69. Rb5 Ra3 70. Rb2 Be6 71. Rc2 Kc5 72. Nd1 Kb4 73.
Rb2+ Rb3 74. Rxb3+ Kxb3 75. Kd2 Bd7 76. Nc3 Bc6 77. Ne2 b5 78. cxb5 Bxb5 79.
Nc1+ Kb4 80. Na2+ Kc5 81. Kc3 Ba6 82. Nb4 Bb7 83. Nc2 Ba8 84. Kd2 Bc6 85. Ke3
Bd7 86. d4+ exd4+ 87. Nxd4 d5 88. exd5 Kxd5 89. Nf3 Bf5 90. Kf4 Bc2 1/2-1/2

[Event "Madrid-ch Previa B"]
[Site "Madrid ESP"]
[Date "2016.02.06"]
[Round "3.12"]
[White "Alameda Arellano, Cristeto"]
[Black "Caravantes Camacho, Fernando"]
[Result "1-0"]
[WhiteElo "1520"]
[BlackElo "1634"]
[PlyCount "123"]
[EventDate "2016.02.04"]
[EventType "swiss"]
[EventRounds "9"]
[EventCountry "ESP"]
[Source "lmi"]
[SourceDate "2016.02.04"]

1. d4 Nf6 2. c4 c5 3. d5 b5 4. cxb5 a6 5. bxa6 Bxa6 6. Nc3 g6 7. Nf3 Bg7 8. g3
d6 9. Bg2 O-O 10. O-O Nbd7 11. Rb1 Qb6 12. Re1 Rfb8 13. Qc2 Ra7 14. h3 Rab7 15.
b3 Ne8 16. Bb2 Qa7 17. Nd2 Nc7 18. Na4 Ne5 19. Kh2 c4 20. f4 cxb3 21. axb3 Nd7
22. Bxg7 Kxg7 23. Qc3+ f6 24. e4 Nb5 25. Qe3 Qxe3 26. Rxe3 Na3 27. Rc1 Bb5 28.
Rec3 Kf7 29. h4 Bxa4 30. bxa4 Nb1 31. Nxb1 Rxb1 32. Rxb1 Rxb1 33. Ra3 Nc5 34.
a5 Rb7 35. Kh3 Ra7 36. Kg4 h6 37. Kf3 Nb7 38. a6 Nc5 39. Bf1 f5 40. e5 dxe5 41.
fxe5 Ne4 42. Bd3 Nc5 43. Bc4 Ke8 44. Ra5 Ne4 45. Bb5+ Kd8 46. Bd3 Nd2+ 47. Ke3
Nb3 48. Rb5 Nc1 49. Bc4 Rxa6 50. Rb8+ Kc7 51. Bxa6 Kxb8 52. Bc4 g5 53. Kd2 Kb7
54. Kxc1 Kb6 55. Kd2 Kc5 56. Ba2 Kb6 57. hxg5 hxg5 58. Ke3 Kc5 59. Kd3 Kb6 60.
Kd4 Kc7 61. Bb1 f4 62. gxf4 1-0

[Event "Madrid-ch Previa B"]
[Site "Madrid ESP"]
[Date "2016.02.06"]
[Round "3.13"]
[White "Alvear Zapata, Juan Pablo"]
[Black "Ruiz Bazaga, Miriam"]
[Result "1-0"]
[WhiteElo "1447"]
[BlackElo "1590"]
[PlyCount "69"]
[EventDate "2016.02.04"]
[EventType "swiss"]
[EventRounds "9"]
[EventCountry "ESP"]
[Source "lmi"]
[SourceDate "2016.02.04"]

1. f4 Nf6 2. Nf3 g6 3. g3 Bg7 4. Bg2 O-O 5. O-O d6 6. d3 Re8 7. c3 Nbd7 8. e4
c5 9. e5 dxe5 10. fxe5 Ng4 11. Ng5 Ndxe5 12. d4 cxd4 13. cxd4 Qb6 14. Bd5 Nf6
15. Kh1 Nxd5 16. dxe5 Qc6 17. Qf3 Nb4 18. Ne4 Bf5 19. Nbc3 Bxe5 20. Bh6 Bxc3
21. Nxc3 Qxf3+ 22. Rxf3 Rad8 23. Raf1 Nxa2 24. Rxf5 Nxc3 25. Rxf7 Nd5 26. Rg7+
Kh8 27. Rff7 Nf6 28. g4 Rf8 29. Rxe7 Rfe8 30. g5 Rxe7 31. Rxe7 Nd7 32. Bg7+ Kg8
33. Bc3 Nf8 34. Rg7+ Kh8 35. Rd7+ 1-0

[Event "Madrid-ch Previa B"]
[Site "Madrid ESP"]
[Date "2016.02.06"]
[Round "3.14"]
[White "Fernandez Estremera, Fernando"]
[Black "Garcia Pardo, Maria del Carmen"]
[Result "1/2-1/2"]
[WhiteElo "1589"]
[BlackElo "1429"]
[PlyCount "88"]
[EventDate "2016.02.04"]
[EventType "swiss"]
[EventRounds "9"]
[EventCountry "ESP"]
[Source "lmi"]
[SourceDate "2016.02.04"]

1. d4 Nf6 2. c4 e6 3. Nc3 Bb4 4. Qc2 O-O 5. Bg5 h6 6. Bh4 b6 7. Nf3 Bb7 8. a3
Bxc3+ 9. Qxc3 d6 10. e3 Nbd7 11. Be2 c5 12. Rd1 Qc7 13. Bg3 Ne4 14. Qc2 Nxg3
15. hxg3 Nf6 16. Nh4 Be4 17. Bd3 Qb7 18. Bxe4 Qxe4 19. Qxe4 Nxe4 20. d5 e5 21.
Nf5 Rfd8 22. f3 Nf6 23. e4 Kf8 24. Kd2 Ng8 25. g4 Ne7 26. Ra1 Nxf5 27. gxf5 a5
28. Ra2 a4 29. Rha1 Ra6 30. Kc3 Ke7 31. g3 f6 32. Rh1 Kd7 33. Raa1 Kc7 34. Rh4
Raa8 35. Rg4 Rd7 36. Rg6 Ra7 37. Re1 Kd8 38. f4 Ke8 39. fxe5 dxe5 40. Rg4 Kd8
41. Rh4 Kc7 42. Rh2 Kd6 43. g4 Re7 44. Rc1 Re8 1/2-1/2

[Event "Madrid-ch Previa B"]
[Site "Madrid ESP"]
[Date "2016.02.12"]
[Round "4.1"]
[White "Ocaña Lameiro, Oliver"]
[Black "Molina Garcia, Francisco J"]
[Result "1/2-1/2"]
[WhiteElo "1932"]
[BlackElo "1876"]
[PlyCount "47"]
[EventDate "2016.02.04"]
[EventType "swiss"]
[EventRounds "9"]
[EventCountry "ESP"]
[Source "lmi"]
[SourceDate "2016.02.04"]

1. Nf3 Nf6 2. d4 d5 3. Bg5 e6 4. e3 c5 5. Nbd2 Nc6 6. c3 cxd4 7. exd4 Be7 8.
Bd3 Bd7 9. O-O O-O 10. Ne5 a6 11. f4 b5 12. Qe2 Ra7 13. a4 bxa4 14. Nxd7 Nxd7
15. Bxe7 Qxe7 16. Rxa4 Rb8 17. b4 a5 18. b5 Nb6 19. Ra2 Nd8 20. Nb3 Nb7 21. Nd2
Nd6 22. Nf3 Nbc4 23. Ne5 Nxb5 24. Rf3 1/2-1/2

[Event "Madrid-ch Previa B"]
[Site "Madrid ESP"]
[Date "2016.02.12"]
[Round "4.2"]
[White "Yeves Miquel, Enrique"]
[Black "Sotoca Aguado, Jose"]
[Result "1-0"]
[WhiteElo "1836"]
[BlackElo "1928"]
[PlyCount "85"]
[EventDate "2016.02.04"]
[EventType "swiss"]
[EventRounds "9"]
[EventCountry "ESP"]
[Source "lmi"]
[SourceDate "2016.02.04"]

1. d4 Nf6 2. c4 c5 3. d5 e6 4. Nc3 exd5 5. cxd5 d6 6. e4 g6 7. Nf3 Bg7 8. h3
O-O 9. Bd3 b5 10. Bxb5 Nxe4 11. Nxe4 Qa5+ 12. Nfd2 Qxb5 13. Nxd6 Qa6 14. N6c4
Nd7 15. O-O Ne5 16. Nxe5 Bxe5 17. Ne4 Bd4 18. Nc3 Qf6 19. Be3 Ba6 20. Re1 Rfd8
21. Qd2 Rd7 22. Rad1 Rb8 23. Ne4 Qb6 24. Bxd4 cxd4 25. Qxd4 Qxd4 26. Rxd4 Kg7
27. d6 Rc8 28. b4 Rc4 29. Red1 Rxd4 30. Rxd4 Bb5 31. a4 Bc6 32. Nc5 Rd8 33. b5
Bd7 34. f4 Kf6 35. Kf2 h5 36. Nxd7+ Rxd7 37. g4 hxg4 38. hxg4 Ke6 39. Ke3 f6
40. a5 g5 41. f5+ Ke5 42. b6 a6 43. Kd3 1-0

[Event "Madrid-ch Previa B"]
[Site "Madrid ESP"]
[Date "2016.02.12"]
[Round "4.3"]
[White "Garcia Serrano, Jose M"]
[Black "Sirera Ripoll, Jose Luis"]
[Result "0-1"]
[WhiteElo "1917"]
[BlackElo "1807"]
[PlyCount "68"]
[EventDate "2016.02.04"]
[EventType "swiss"]
[EventRounds "9"]
[EventCountry "ESP"]
[Source "lmi"]
[SourceDate "2016.02.04"]

1. e4 e5 2. f4 Bc5 3. Nf3 d6 4. c3 Bg4 5. Qa4+ Nd7 6. Be2 Ngf6 7. d4 exd4 8.
cxd4 Bb6 9. Nc3 O-O 10. O-O Re8 11. Bd3 c5 12. Be3 cxd4 13. Bxd4 Nc5 14. Bxc5
dxc5 15. Qc4 Be6 16. Nd5 Nxd5 17. exd5 Bxd5 18. Bxh7+ Kxh7 19. Qc2+ Kg8 20. Ng5
g6 21. Rad1 c4+ 22. Kh1 Rc8 23. h4 Rc5 24. f5 Qf6 25. fxg6 Qxg6 26. Qc3 Bd8 27.
b4 Re2 28. bxc5 Bxg2+ 29. Kg1 Bxg5 30. hxg5 Qxg5 31. Rd8+ Qxd8 32. Qg3+ Kf8 33.
Rf4 Qd1+ 34. Kh2 Qh1# 0-1

[Event "Madrid-ch Previa B"]
[Site "Madrid ESP"]
[Date "2016.02.12"]
[Round "4.4"]
[White "Perea Blanco, David"]
[Black "San Vicente Cosculluela, Jose Luis"]
[Result "1/2-1/2"]
[WhiteElo "1884"]
[BlackElo "1812"]
[PlyCount "65"]
[EventDate "2016.02.04"]
[EventType "swiss"]
[EventRounds "9"]
[EventCountry "ESP"]
[Source "lmi"]
[SourceDate "2016.02.04"]

1. d4 Nf6 2. Nf3 g6 3. g3 Bg7 4. Bg2 O-O 5. O-O d6 6. h3 Nbd7 7. c4 e5 8. dxe5
Nxe5 9. Nxe5 dxe5 10. Nc3 c6 11. Be3 Qxd1 12. Rfxd1 Be6 13. b3 a5 14. Bc5 Rfe8
15. Rd2 Bf8 16. Na4 Nd7 17. Bd6 Bxd6 18. Rxd6 Kf8 19. Rad1 Ke7 20. e3 Rad8 21.
f4 exf4 22. exf4 Nf6 23. Rxd8 Rxd8 24. Rxd8 Kxd8 25. Nc5 Bc8 26. Kf2 h5 27. Ke3
Kc7 28. Nd3 Be6 29. Nc5 Bf5 30. a3 b6 31. Na4 Bc2 32. Nc3 Bxb3 33. Kd3 1/2-1/2

[Event "Madrid-ch Previa B"]
[Site "Madrid ESP"]
[Date "2016.02.12"]
[Round "4.5"]
[White "Camarero Izquierdo, Juan Carlos"]
[Black "Cruz Gonzalez, Antonio"]
[Result "1-0"]
[WhiteElo "1833"]
[BlackElo "1709"]
[PlyCount "59"]
[EventDate "2016.02.04"]
[EventType "swiss"]
[EventRounds "9"]
[EventCountry "ESP"]
[Source "lmi"]
[SourceDate "2016.02.04"]

1. d4 d5 2. Nc3 Nf6 3. Bg5 Nbd7 4. f3 h6 5. Bh4 g5 6. Bg3 c6 7. Qd3 Bg7 8. e4
dxe4 9. fxe4 Nh5 10. e5 Nxg3 11. Qxg3 Nb6 12. O-O-O Be6 13. h4 g4 14. h5 Qd7
15. Nge2 Nd5 16. Nxd5 Qxd5 17. Nc3 Qd7 18. d5 Bf5 19. dxc6 Qc7 20. Nd5 Qa5 21.
cxb7 O-O 22. bxa8=Q Rxa8 23. Nxe7+ Kh7 24. Nxf5 Qxa2 25. Nxg7 Qa1+ 26. Kd2 Qxb2
27. Bd3+ Kxg7 28. Qxg4+ Kf8 29. e6 Re8 30. exf7 1-0

[Event "Madrid-ch Previa B"]
[Site "Madrid ESP"]
[Date "2016.02.12"]
[Round "4.6"]
[White "Cuellar Gutierrez, Raul"]
[Black "Serrano Garcia, Vicente"]
[Result "0-1"]
[WhiteElo "1797"]
[BlackElo "1826"]
[PlyCount "94"]
[EventDate "2016.02.04"]
[EventType "swiss"]
[EventRounds "9"]
[EventCountry "ESP"]
[Source "lmi"]
[SourceDate "2016.02.04"]

1. e4 e6 2. d4 d5 3. exd5 exd5 4. Bd3 Nc6 5. c3 Bd6 6. h3 Nge7 7. Nf3 Bf5 8.
Bxf5 Nxf5 9. O-O O-O 10. Qd3 Qd7 11. b3 h6 12. Na3 Rfe8 13. Nc2 Re4 14. Ne3
Nxe3 15. Bxe3 Rae8 16. Rfe1 R8e6 17. Kh1 Rg6 18. Qb5 Reg4 19. hxg4 Qxg4 20. Nh4
Qxh4+ 21. Kg1 Qh2+ 22. Kf1 Qxg2+ 23. Ke2 Qg4+ 24. Kd2 Qf3 25. Qe2 Qf5 26. Rg1
Rxg1 27. Rxg1 Kh7 28. Qd3 Qxd3+ 29. Kxd3 g5 30. Rh1 Kg6 31. Ke2 f5 32. Kf3 f4
33. Bd2 h5 34. Re1 g4+ 35. Kg2 f3+ 36. Kh1 Kf5 37. Re8 h4 38. Rh8 g3 39. fxg3
hxg3 40. Rh4 Ne7 41. c4 Ng6 42. Rh6 Nf4 43. Bxf4 Kxf4 44. c5 Be7 45. Rh7 Bg5
46. Rxc7 Ke3 47. Rxb7 Kf2 0-1

[Event "Madrid-ch Previa B"]
[Site "Madrid ESP"]
[Date "2016.02.12"]
[Round "4.7"]
[White "Tronch Ilzarbe, Carlos Maria"]
[Black "Barragan Arriaza, Pablo"]
[Result "0-1"]
[WhiteElo "1744"]
[BlackElo "1616"]
[PlyCount "120"]
[EventDate "2016.02.04"]
[EventType "swiss"]
[EventRounds "9"]
[EventCountry "ESP"]
[Source "lmi"]
[SourceDate "2016.02.04"]

1. e4 d6 2. d4 Nf6 3. Bd3 g6 4. h3 Bg7 5. Nf3 O-O 6. Be3 Re8 7. O-O e5 8. dxe5
dxe5 9. Nc3 c6 10. Qd2 Qc7 11. Bh6 Be6 12. Bxg7 Kxg7 13. Ng5 h6 14. Nxe6+ Rxe6
15. f4 exf4 16. Rxf4 b5 17. Raf1 Nbd7 18. Ne2 Qb6+ 19. Kh1 Rf8 20. Ng3 Qc5 21.
b4 Qe5 22. Qf2 Qc3 23. Ne2 Qe5 24. Qxa7 Qb8 25. Qxb8 Rxb8 26. Nd4 Rd6 27. Nb3
Ne5 28. g4 Rb7 29. Na5 Re7 30. a4 bxa4 31. Nc4 Nxc4 32. Bxc4 Rd4 33. Rxf6 Rxc4
34. e5 Rxc2 35. R6f3 Rb2 36. Rf6 Rxb4 37. Rxc6 Re4 38. Ra6 R7xe5 39. Ra1 h5 40.
R6xa4 hxg4 41. hxg4 Rxa4 42. Rxa4 Re2 43. Rf4 Re7 44. Kg2 Kh6 45. Kf3 Kg5 46.
Rb4 Re5 47. Rb2 f5 48. Rg2 Ra5 49. gxf5+ Kxf5 50. Ke3 Ra3+ 51. Kd4 g5 52. Rf2+
Kg4 53. Ke5 Kh3 54. Rf1 g4 55. Rh1+ Kg2 56. Rd1 g3 57. Kf4 Kh2 58. Rd2+ g2 59.
Rd8 g1=Q 60. Rh8+ Rh3 0-1